Environmentálna stratégia a nástroje environmentálneho manažmentu

Environmentálna politika. Environmentálna stratégia podniku. Základné nástroje environmentálnej politiky uplatňované v SR.

Gespeichert in:
Bibliographische Detailangaben
1. Verfasser: Boorová, Brigita, 1979-
Weitere Verfasser: Gubová, Klaudia, 1986-
Format: Buchkapitel
Sprache:Slowakisch
Schlagworte:
Tags: Tag hinzufügen
Keine Tags, Fügen Sie das erste Tag hinzu!

MARC

LEADER 00000nla a2200000 4500
001 0214361
005 20240502073601.1
041 0 |a slo 
044 |a SK 
245 1 0 |a Environmentálna stratégia a nástroje environmentálneho manažmentu  |c Brigita Boorová, Klaudia Gubová 
520 |a Environmentálna politika. Environmentálna stratégia podniku. Základné nástroje environmentálnej politiky uplatňované v SR. 
610 2 0 |a politika environmentálna 
610 2 0 |a stratégia podniková 
610 2 0 |a manažment environmentálny 
610 2 0 |a nástroje riadenia 
100 1 |a Boorová, Brigita, 1979- 
700 1 |a Gubová, Klaudia, 1986-